Puisi panjang untuk Mahathir (Record no. 93782)

MARC details
000 -LEADER
fixed length control field 00670nam a2200241 i 4500
001 - CONTROL NUMBER
control field C2-0288147
003 - CONTROL NUMBER IDENTIFIER
control field PPAK
005 - DATE AND TIME OF LATEST TRANSACTION
control field 20180728021316.0
008 - FIXED-LENGTH DATA ELEMENTS--GENERAL INFORMATION
fixed length control field 080417s1997 my a|||| ||||| | may d
040 ## - CATALOGING SOURCE
Original cataloging agency PPAK
Language of cataloging eng
Transcribing agency PPAK
Description conventions rda
082 04 - DEWEY DECIMAL CLASSIFICATION NUMBER
Classification number 899.231
Edition number 23
090 00 - LOCALLY ASSIGNED LC-TYPE CALL NUMBER (OCLC); LOCAL CALL NUMBER (RLIN)
Classification number (OCLC) (R) ; Classification number, CALL (RLIN) (NR) 899.231
Feature heading PUI
Feature heading KIH
Classification number (OCLC) (R) ; Classification number, CALL (RLIN) (NR) 899.231
Feature heading PUI
Feature heading KSS
Classification number (OCLC) (R) ; Classification number, CALL (RLIN) (NR) 899.231
Feature heading PUI
Feature heading KZZ
245 00 - TITLE STATEMENT
Title Puisi panjang untuk Mahathir
264 #1 - PRODUCTION, PUBLICATION, DISTRIBUTION, MANUFACTURE, AND COPYRIGHT NOTICE
Place of production, publication, distribution, manufacture Kuala Lumpur :
Name of producer, publisher, distributor, manufacturer Aphabill (M) Sdn Bhd ,
Date of production, publication, distribution, manufacture, or copyright notice 1997
300 ## - PHYSICAL DESCRIPTION
Extent 112 pages :
Other physical details colour illustrations ;
Dimensions 26 cm
336 ## - CONTENT TYPE
Source rdacontent
Content type term text
337 ## - MEDIA TYPE
Source rdamedia
Media type term unmediated
338 ## - CARRIER TYPE
Source rdacarrier
Carrier type term volume
650 10 - SUBJECT ADDED ENTRY--TOPICAL TERM
Topical term or geographic name entry element Malay poetry.
942 ## - ADDED ENTRY ELEMENTS (KOHA)
-- dc
Koha item type Book
Holdings
Withdrawn Not for loan Current library Shelving location Date acquired Full call number Barcode Date last seen Koha item type
  Not For Loan Perpustakaan Alor Setar Koleksi Shaidun Shaari 27/04/2008 KSS 899.231 PUI A00507499 09/05/2018 Book
  Not For Loan Perpustakaan Alor Setar Koleksi Ismail Hussein 24/05/2016 KIH 899.231 PUI A00181081 09/05/2018 Book
  Not For Loan Perpustakaan Jitra Koleksi Zuber Zain 17/04/2008 KZZ 899.231 PUI A00159953 09/05/2018 Book